000 00870nam a2200241Ia 4500
003 Ost
005 20260507075801.0
008 260507s9999||||xx |||||||||||||| ||und||
020 _a9961805534
040 _cfsecg
041 _aara
082 _a1.42
100 _aشروخ، صلاح الدين
_eمؤلف
245 0 _aمنهجية البحث العلمي للجامعيين /
_c صلاح الدين شروخ
260 _aالجزائر :
_bدار العلوم للنشر والتوزيع,
300 _a172 صفحة؛
_bإيضاحات ؛
_c24 سم
504 _aبيبليوغرافيا: ص ص.165-170
520 _aيضم مفهوم البحث العلمي، تنفيذ البحث العلمي، مناهج البحث العلمي.
653 _aالبحوث
653 _aالمسح العلمي
653 _aطرق البحث
942 _cكتاب
999 _c46282
_d46282